| 000 | 01259nam a22003497a 4500 | ||
|---|---|---|---|
| 003 | CHAP | ||
| 005 | 20220329135611.0 | ||
| 008 | 971013s1994 r 00010 d | ||
| 010 | _a39140 | ||
| 011 | _a40112 | ||
| 035 | _a44237 | ||
| 040 | _cCHAP | ||
| 090 | _aTesis | ||
| 100 | 0 | 0 |
_aCruz Carrada, Priscilia Olivia. _929320 |
| 245 | _aDeterminación del período óptimo de extracción de semilla de tomate de cáscara (Physalis ixocarpa, Brot.), var. rendidora | ||
| 260 |
_aChapingo, Méx. : _bEl autor, _c1994 |
||
| 300 | _a65 h. | ||
| 502 | _aTesis (Ing. Agr. Esp. en Fitotecnia) -- UACH. Departamento de Fitotecnia | ||
| 590 |
_aALEPH _b10 _c20130110 _lUCH01 _h1306 |
||
| 590 |
_aBATCH-UPD _b10 _c20130110 _lUCH01 _h0218 |
||
| 590 |
_aBATCH-UPD _b10 _c20130110 _lUCH01 _h1650 |
||
| 590 |
_aBATCH-UPD _b10 _c20130410 _lUCH01 _h1039 |
||
| 590 |
_aBATCH-UPD _b10 _c20130914 _lUCH01 _h1950 |
||
| 590 |
_aCONVERSION _b10 _c20130109 _lUCH01 _h1322 |
||
| 650 | 1 | 4 |
_aTomate verde _xAlmacenamiento. _9113797 |
| 650 | 1 | 4 |
_aTomate verde _xFisiología y morfología. _9113815 |
| 650 | 1 | 4 |
_aTomate verde _xSemilla. _9113836 |
| 901 | _aBK | ||
| 942 | _cFOLL | ||
| 949 |
_bBC _cTES _d-101347 _eTS1 _h27692 _i44237 _si |
||
| 949 |
_bBC _cTES _d-101349 _eTS2 _fc.2 _h27693 _i44237 _si |
||
| 999 |
_c39140 _d39140 |
||